| 000 | 00491nam a2200169Ia 4500 | ||
|---|---|---|---|
| 008 | 230917s9999||||xx |||||||||||||| ||und|| | ||
| 020 | _cRS 349.00 | ||
| 040 |
_e5006882 _aMAIN |
||
| 041 | _aEnglish | ||
| 082 | _a005.133 D758H | ||
| 100 | _aDowney, Allen | ||
| 245 | 0 | _aHow to think like a computer scientist: Learning with Python | |
| 260 |
_aWellesley _bGreen Tea Press _c2016 |
||
| 300 | _axxviii, 250 p. | ||
| 500 | _a4533 10/02/2022 HBD22/1134495 25/02/2022 Main Budget | ||
| 942 | _cBK | ||
| 999 |
_c5483 _d5483 |
||